<?xml version="1.0" encoding="UTF-8"?>
<record
    xmlns:xsi="http://www.w3.org/2001/XMLSchema-instance"
    xsi:schemaLocation="http://www.loc.gov/MARC21/slim http://www.loc.gov/standards/marcxml/schema/MARC21slim.xsd"
    xmlns="http://www.loc.gov/MARC21/slim">

  <leader>00707nam a2200205 a 4500</leader>
  <controlfield tag="005">20160210095600.0</controlfield>
  <controlfield tag="008">160210b        ec ao  |r|||| 00| 0 spa d</controlfield>
  <datafield tag="040" ind1=" " ind2=" ">
    <subfield code="a">CO-BoIAVH</subfield>
    <subfield code="c">CO-BoIAVH</subfield>
  </datafield>
  <datafield tag="041" ind1="0" ind2=" ">
    <subfield code="a">spa</subfield>
  </datafield>
  <datafield tag="044" ind1=" " ind2=" ">
    <subfield code="a">ec</subfield>
  </datafield>
  <datafield tag="082" ind1="0" ind2="4">
    <subfield code="a">615.321</subfield>
    <subfield code="b">B61c</subfield>
  </datafield>
  <datafield tag="245" ind1="1" ind2="0">
    <subfield code="a">Biodiversidad desde el centro del mundo</subfield>
  </datafield>
  <datafield tag="260" ind1=" " ind2=" ">
    <subfield code="a">Quito :</subfield>
    <subfield code="b">CORPEI,</subfield>
    <subfield code="c">[2000?].</subfield>
  </datafield>
  <datafield tag="300" ind1=" " ind2=" ">
    <subfield code="a">15 l&#xE1;minas a color :</subfield>
    <subfield code="b">ilustraciones, fotograf&#xED;as a color ;</subfield>
    <subfield code="c">27 x 19 cm.</subfield>
  </datafield>
  <datafield tag="650" ind1=" " ind2="6">
    <subfield code="a">Productos de origen vegetal</subfield>
  </datafield>
  <datafield tag="650" ind1=" " ind2="6">
    <subfield code="a">Productos procesados</subfield>
  </datafield>
  <datafield tag="650" ind1=" " ind2="6">
    <subfield code="a">Productos procesados</subfield>
    <subfield code="x">planta medicinales</subfield>
  </datafield>
  <datafield tag="710" ind1="2" ind2=" ">
    <subfield code="a">Corporaci&#xF3;n de producci&#xF3;n de exportaciones e inversiones - CORPEI</subfield>
  </datafield>
  <datafield tag="942" ind1=" " ind2=" ">
    <subfield code="c">Folleto</subfield>
    <subfield code="2">z</subfield>
  </datafield>
  <datafield tag="999" ind1=" " ind2=" ">
    <subfield code="c">5557</subfield>
    <subfield code="d">5557</subfield>
  </datafield>
  <datafield tag="952" ind1=" " ind2=" ">
    <subfield code="0">0</subfield>
    <subfield code="1">0</subfield>
    <subfield code="2">ddc</subfield>
    <subfield code="4">0</subfield>
    <subfield code="7">0</subfield>
    <subfield code="8">GENERAL</subfield>
    <subfield code="I">INV2017</subfield>
    <subfield code="a">Bogota</subfield>
    <subfield code="b">Bogota</subfield>
    <subfield code="d">2007-05-28</subfield>
    <subfield code="l">0</subfield>
    <subfield code="o">LB-615.321 B61c</subfield>
    <subfield code="p">024393</subfield>
    <subfield code="r">2012-12-04 00:00:00</subfield>
    <subfield code="t">Ej.1</subfield>
    <subfield code="w">2012-12-04</subfield>
    <subfield code="x">Donaci&#xF3;n</subfield>
    <subfield code="y">Folleto</subfield>
  </datafield>
</record>
